000 00771nam a2200241 i 4500
001 37350
003 ES-MaACL
005 20250916231836.0
007 t|
008 030220s1974 sp ||||1| spa d
020 _a84-265-7161-1
080 _a860-23"19"
100 1 _aBuero Vallejo, Antonio,
_d1916-2000
_932421
245 1 0 _aHoy es fiesta ;
_bAventura en lo gris /
_cAntonio Buero Vallejo ; prólogo, Ricardo Doménech.
246 3 _aAventura en lo gris
260 _aMadrid :
_bMagisterio Español,
_c[1974]
300 _a225 p., 1 lám. ;
_c18 cm.
490 1 _aNovelas y cuentos ;
_v158
700 1 _aDoménech, Ricardo,
_d1938-2010
_945084
830 1 0 _aNovelas y cuentos
_v158
_9179596
852 _aES-MaACL
_jE-7405
999 _c37350
_d37350